The Global Analyst (Record no. 46492)
[ view plain ]
| 000 -LEADER | |
|---|---|
| fixed length control field | 00334nam a22001337a 4500 |
| 008 - FIXED-LENGTH DATA ELEMENTS--GENERAL INFORMATION | |
| fixed length control field | 250902b |||||||| |||| 00| 0 eng d |
| 022 ## - INTERNATIONAL STANDARD SERIAL NUMBER | |
| International Standard Serial Number | 23205628 |
| 041 ## - LANGUAGE CODE | |
| Language code of text/sound track or separate title | eng |
| 245 ## - TITLE STATEMENT | |
| Title | The Global Analyst |
| 260 ## - PUBLICATION, DISTRIBUTION, ETC. | |
| Place of publication, distribution, etc. | Hyderabad |
| Name of publisher, distributor, etc. | IUP Publication |
| Date of publication, distribution, etc. | 2025 |
| 300 ## - PHYSICAL DESCRIPTION | |
| Extent | 66; p. |
| 856 ## - ELECTRONIC LOCATION AND ACCESS | |
| Uniform Resource Identifier | <a href="https://www.iupindia.in/analyst.asp">https://www.iupindia.in/analyst.asp</a> |
| 942 ## - ADDED ENTRY ELEMENTS (KOHA) | |
| Koha item type | Serial |
| Withdrawn status | Lost status | Source of classification or shelving scheme | Damaged status | Not for loan | Home library | Current library | Date acquired | Serial Enumeration / chronology | Total Checkouts | Barcode | Date last seen | Price effective from | Koha item type | Source of acquisition |
|---|---|---|---|---|---|---|---|---|---|---|---|---|---|---|
| Dewey Decimal Classification | IMTN | IMTN | 09/02/2025 | Vol. 14, No. 8 | P798 | 09/02/2025 | 09/02/2025 | Serial | ||||||
| Dewey Decimal Classification | IMTN | IMTN | 10/04/2025 | Vol. 14, No. 9 | P930 | 10/04/2025 | 10/04/2025 | Serial | 2025-10-04 | |||||
| Dewey Decimal Classification | IMTN | IMTN | 11/03/2025 | Vol. 14, No. 10 | P982 | 11/03/2025 | 11/03/2025 | Serial | ||||||
| Dewey Decimal Classification | IMTN | IMTN | 12/07/2025 | Vol. 14, No. 1 | P1075 | 12/07/2025 | 12/07/2025 | Serial | ||||||
| Dewey Decimal Classification | IMTN | IMTN | 12/11/2025 | Vol. 14, No. 11 | P1086 | 12/11/2025 | 12/11/2025 | Serial | ||||||
| Dewey Decimal Classification | IMTN | IMTN | 01/15/2026 | Vol. 14, No. 12 | P1162 | 01/15/2026 | 01/15/2026 | Serial |